| 000 | 00508nam a2200193Ia 4500 | ||
|---|---|---|---|
| 008 | 160319s9999 xx 000 0 und d | ||
| 245 | _aIn the beginning/ | ||
| 260 | _bDolby Digital | ||
| 260 | _cNA | ||
| 300 | _a1 videodisc (168 min.) : | ||
| 300 | _bsound, color ; | ||
| 300 | _c4 3/4 in. | ||
| 650 | _aAbraham (Biblical patriarch) -- | ||
| 650 | _aBible. O.T. -- Biography -- | ||
| 650 | _aPatriarchs (Bible) -- Biography -- | ||
| 650 | _xDrama. | ||
| 650 | _xDrama. | ||
| 650 | _xDrama. | ||
| 999 |
_c292480 _d292480 |
||